000 00729nam a2200241 a 4500
008
049 _aMAIN
090 _aRD651
_bRUB
100 1 _aRubinstein, J. Lucien
245 1 0 _aTumors of the Central Nervours System/
_cLucien J. Rubinstein
260 _aWashington :
_bArmed Forces Institute of Pathology/
_c1972
300 _axvii, 499 p. :
_bill. ,
_c30 cm.
500 _aAccompanied by a Supplement
500 _aIncludes Index.
650 _aBrain
_xTumours
650 _aCancer
_xresearch
650 1 _aCentral Nevours System
_xtumours
907 _a.b10395209
_b23-11-18
_c23-11-18
003
005 20230123141131.0
040 _cNUST
942 _cBOOKS
_kRD651
_mRUB
999 _c168248
_d168248